| 000 | 00909nam a22003017a 4500 | ||
|---|---|---|---|
| 001 | 5107 | ||
| 003 | FISKH | ||
| 005 | 20241106124028.0 | ||
| 008 | 241106b cb ||||| |||| 00| 0 eng d | ||
| 020 | _a0439372844 | ||
| 040 |
_aFISKH _beng _cFISKH _dFISKH |
||
| 050 | _aPZ7.M515916 | ||
| 082 | _a420 | ||
| 100 | _aMeister, Cari | ||
| 245 |
_aTiny goes to the library / _cby Cari Meister illustrated by Rich Davis |
||
| 250 | _aFirst printing in 2001 | ||
| 260 |
_aNew York : _bScholastic, _c2001. |
||
| 300 |
_a30 pages : _bColor illustrations ; _c23 cm |
||
| 505 | _aE | ||
| 520 | _aTiny the dog is a big help at the library when his owner takes out too many books to carry home. | ||
| 521 | 8 |
_a200L
_bLexile |
|
| 521 | 8 |
_aE
_bRaz-Plus |
|
| 650 |
_2Fiction _aPicture book _vSchool |
||
| 650 |
_2Dogs _aAnimals |
||
| 700 |
_aDavis, Rich _dIllustrator |
||
| 942 |
_2ddc _cBK _n0 |
||
| 999 |
_c5107 _d5107 |
||